000 00661nam a2200205Ia 4500
005 20250508160149.0
008 008 250505s9999 xx 000 0 eng d
037 _aTextual
040 _aFEDL
_beng
_cFEDL
041 _aeng
_2eng
084 _a510.7, NCE
_qFEDL
245 0 _aSequential tests of achievement in mathematics : A manual for teachers
245 0 _cNCERT
260 _aNew Delhi, India
_bNational Council of Educational Research and Training
_c1969
300 _a57p
490 _aAll India survey of achievement in mathematics
650 _aMathematics education
942 _cTEXL
_h510.7, NCE
999 _c1362340
_d1362340